00732 2200265 4500001002100000005001500021035002000036007000300056008004100059020002200100082001000122084001600132100002000148245010500168250001000273260003000283300003200313650001700345700002400362700001700386504003100403990001100434990001100445990001000456INLIS00000000000390920190808105438 a0010-0819000052ta190808 g 0 ind  a978-602-7929-82-1 a641.2 a641.2 NAD t0 aNADJIBAH, Yahya1 aTerapi Jus :bCara Nikmat Hidup Sehat /cNadjibah Yahya, Rachma S. Sutrisno; penyunting, Tin Zulaeha acet.1 aSolo :bOpen Books,c2014 ax, 119 hlm :bilus ;c23 cm 4aJUS. MINUMAN0 aRACHMA, S. Sutrisno0 aTIN, Zulaeha aBibliografi.: hlm. 119 hlm a6066 a a6066 b a6066c